<?xml version="1.0" encoding="UTF-8"?>
<collection xmlns="http://www.loc.gov/MARC21/slim">
 <record>
  <leader>00665pamaa2200205   4500</leader>
  <controlfield tag="001">0000019148</controlfield>
  <controlfield tag="005">20060531090000.0</controlfield>
  <datafield tag="020" ind1="0" ind2="0">
   <subfield code="a">9679786994 </subfield>
  </datafield>
  <datafield tag="082" ind1=" " ind2=" ">
   <subfield code="a">330.9595 OKP</subfield>
  </datafield>
  <datafield tag="090" ind1="0" ind2="0">
   <subfield code="a">HC445.5 </subfield>
   <subfield code="b">OKP 1999</subfield>
  </datafield>
  <datafield tag="100" ind1="1" ind2="0">
   <subfield code="a">OKPOSIN </subfield>
  </datafield>
  <datafield tag="245" ind1="1" ind2="4">
   <subfield code="a">The changing phases of Malaysian economy  </subfield>
   <subfield code="c">Samuel Bassey Okposin, Abdul Halim Abdul Hamid and Ong Hway Boon.</subfield>
  </datafield>
  <datafield tag="260" ind1="0" ind2="0">
   <subfield code="a">Subang Jaya: </subfield>
   <subfield code="b">Pelanduk, </subfield>
   <subfield code="c">1999.</subfield>
  </datafield>
  <datafield tag="300" ind1=" " ind2=" ">
   <subfield code="a">308p.: </subfield>
   <subfield code="b">22cm.</subfield>
  </datafield>
  <datafield tag="650" ind1="0" ind2="0">
   <subfield code="a">Industrialisation -- </subfield>
   <subfield code="z">Malaysia </subfield>
  </datafield>
  <datafield tag="650" ind1="0" ind2="0">
   <subfield code="a">Privatisation -- </subfield>
   <subfield code="z">Malaysia </subfield>
  </datafield>
  <datafield tag="650" ind1="0" ind2="0">
   <subfield code="a">Economic policy -- </subfield>
   <subfield code="z">Malaysia </subfield>
  </datafield>
  <datafield tag="651" ind1="0" ind2="0">
   <subfield code="a">Malaysia -- </subfield>
   <subfield code="x">Economic conditions </subfield>
  </datafield>
  <datafield tag="700" ind1="1" ind2="1">
   <subfield code="a">ABDUL HALIM ABDUL HAMID </subfield>
  </datafield>
  <datafield tag="700" ind1="1" ind2="1">
   <subfield code="a">Ong Hway Boon </subfield>
  </datafield>
 </record>
</collection>
